000
00335nam a22001457a 4500
008
210511b ||||| |||| 00| 0 eng d
020
_a
2901284067766
041
_a
eng
080
_2
3rd
_a
610.73
082
_a
610.73
100
_a
1
101
_a
INF
245
_a
Professional Nursing Concepts
_c
Anita Finkelman
942
_2
udc
_c
BK
999
_c
57195
_d
57195